Outer Wilds - Astronomical objects picture quiz - Statistics

General Stats
  • This quiz has been taken 268 times
  • The average score is 11 of 13
Answer Stats
Picture Answer % Correct
Quantum Moon
94%
Ash Twin
91%
Dark Bramble
91%
Giant's Deep
91%
The Interloper
90%
Brittle Hollow
88%
Timber Hearth
88%
Sun Station
87%
Ember Twin
85%
The Attlerock
78%
Hollow's Lantern
77%
The Stranger
73%
Orbital Probe Cannon
67%
No matching quizzes found
Score Distribution
Percent of People with Each Score
Percentile by Number Answered
Your Score History
You have not taken this quiz